000 00424nam a2200181Ia 4500
001 9571
005 20260306161728.0
008 260306t2011||||xx |||||||||||||| ||spa||
041 _aESP
082 _a382.1
_bF333
100 _aFeenstra, Robert C.
_eAUT
245 0 _aComercio internacional
260 _c2011
300 _axxvii, 432 páginas :
_c28 cm.
650 _aGEN
654 _aCAN
942 _cLIB
_dJUS
_fJUS
_2ddc
_n
999 _c9571
_d9571